| 000 | 00637nam a2200169 4500 | ||
|---|---|---|---|
| 001 | 112018 | ||
| 003 | ES-MaACL | ||
| 005 | 20230906185417.0 | ||
| 007 | t| | ||
| 008 | 061121s1977 sp r ||||1| spa d | ||
| 100 | 1 |
_aNezar Ahmad Al-Sabbagh. _985521 |
|
| 245 | 1 | 3 |
_aLa oración en el Islam _b: un compendio que explica la forma de la oración y sus reglas / _cpor Nezar Ahmad Al-Sabbagh ; traducido por el Comité Cultural del Centro Islámico en Granada. |
| 260 |
_aGranada : _bCentro E. Musulmán, _c1977. |
||
| 300 |
_a76 p. : _bil. ; _c18 cm. |
||
| 710 | 2 |
_aCentro Islámico (Granada) _92752 |
|
| 852 |
_aES-MaACL _jA-8593 _bR.97805 |
||
| 999 |
_c112018 _d112018 |
||